Ombrívoles (Registro nro. 23885)

Detalles MARC
000 -LEADER
campo de control de longitud fija 00754nam a2200217 i 4500
001 - NÚMERO DE CONTROL
campo de control 23885
003 - IDENTIFICADOR DE NÚMERO DE CONTROL
campo de control ES-MaACL
005 - FECHA Y HORA DE LA ÚLTIMA TRANSACCIÓN
campo de control 20251015063042.0
007 - CAMPO FIJO DE DESCRIPCIÓN FÍSICA--INFORMACIÓN GENERAL
campo de control de longitud fija t|
008 - DATOS DE LONGITUD FIJA--INFORMACIÓN GENERAL
campo de control de longitud fija 021213s1949 sp ||||1| cat d
100 1# - ENTRADA PRINCIPAL--NOMBRE DE PERSONA
Nombre de persona Català, Víctor,
Fechas asociadas al nombre 1869-1966
9 (RLIN) 37006
245 10 - MENCIÓN DEL TÍTULO
Título Ombrívoles
Resto del título : narracions /
Mención de responsabilidad, etc. Víctor Catalá (seud.).
250 ## - MENCION DE EDICION
Mención de edición [3ª ed.].
260 ## - PUBLICACIÓN, DISTRIBUCIÓN, ETC.
Lugar de publicación, distribución, etc. Barcelona :
Nombre del editor, distribuidor, etc. Aymá,
Fecha de publicación, distribución, etc. 1949 (
Fabricante J. Bertrand)
300 ## - DESCRIPCIÓN FÍSICA
Extensión 103 p. ;
Dimensiones 17 cm.
490 1# - MENCIÓN DE SERIE
Mención de serie Col.lecció literaria Aymá ;
Designación de volumen o secuencia 7
505 8# - NOTA DE CONTENIDO CON FORMATO
Nota de contenido con formato Contiene: Conformitat. La"tomia" de l'Estrany. La fi dels tres. Animes mudes. Sota el cel. Creu i ratlla
830 0# - PUNTO DE ACCESO ADICIONAL DE SERIE-TÍTULO UNIFORME
Título uniforme Col.lecció literaria Aymá ;
Designación de volumen o secuencia 7
9 (RLIN) 182705
852 ## - LOCALIZACIÓN
Ubicación ES-MaACL
Número de control de estantería 1791-F-21
Sublocalización o colección R.26791
Existencias
Estatus retirado Estado de pérdida Estado de daño No para préstamo Colección Biblioteca de origen Biblioteca actual Ubicación en estantería Fecha de adquisición Fuente de adquisición Total de préstamos Signatura topográfica completa Código de barras Visto por última vez Precio de reemplazo Tipo de ítem Koha
        Colección de folletos Biblioteca del Ateneo de Madrid Biblioteca del Ateneo de Madrid Depósito folletos 17/01/2008     1791-F-21 1024617 23/02/2023 23/02/2023 Folleto